Activitat urbanística a Catalunya : any 1991 / Generalitat de Catalunya. Departament de Política Territorial i Obres Públiques. Direcció General d'Urbanisme any 1991 / Generalitat de Catalunya. Departament de Política Territorial i Obres Públiques. Direcció General d'Urbanisme
Descripción Física:
194 p., 1 p. pleg. solta ; 21 x 30 cm
Materias:
Urbanisme -- Catalunya -- 1991
MARC
| LEADER | 00000nam a2200000Ia 4500 | ||
|---|---|---|---|
| 001 | 10977 | ||
| 008 | 160829s9999 xx 000 0 cat d | ||
| 080 | |a FOL-1-180 | ||
| 100 | |a Catalunya. Direcció General d'Urbanisme |9 19611 | ||
| 245 | |a Activitat urbanística a Catalunya : |b any 1991 / Generalitat de Catalunya. Departament de Política Territorial i Obres Públiques. Direcció General d'Urbanisme | ||
| 260 | |a [Barcelona] : |b Generalitat de Catalunya, [1992?] | ||
| 300 | |a 194 p., 1 p. pleg. solta ; |c 21 x 30 cm | ||
| 650 | |a Urbanisme |x Catalunya |x 1991 |9 23184 | ||
| 901 | |a Arxiu | ||
| 942 | |n 1 | ||
| 952 | |0 0 |1 0 |4 0 |6 FOL1180 |7 1 |9 42585 |a Arxiu |b Arxiu |d 2016-12-01 |l 0 |o FOL-1-180 |p 10977 |r 2016-12-01 00:00:00 |w 2016-12-01 |y ARXIU | ||
| 999 | |c 45090 |d 45090 | ||